| 000 | 00474nam a2200193Ia 4500 | ||
|---|---|---|---|
| 008 | 170918s9999 xx 000 0 und d | ||
| 020 | _a9780545659383 | ||
| 050 | _bS559 2001 | ||
| 100 | _aShowers, Paul | ||
| 245 | _aHear your heart / | ||
| 245 | _cPaul Showers ; illustrated by Holly Keller. | ||
| 260 | _aNew York : | ||
| 260 | _bScholastic, | ||
| 260 | _c2001 | ||
| 300 | _a33 pages : | ||
| 300 | _bcolored illustration ; | ||
| 300 | _c20cm. | ||
| 500 | _a500 | ||
| 999 |
_c341552 _d341552 |
||